Foundations of statistical natural language processing /

Bibliografiske detaljer
Hovedforfatter: Manning, Christopher D.
Andre forfattere: Schütze, Hinrich
Format: Bog
Sprog:English
Udgivet: Cambridge, Mass. : MIT Press, c1999.
Fag:
Classic Catalogue: View this record in Classic Catalogue
LEADER 01989nam a2200337 a 4500
001 45438
003 BD-DhAAL
005 20260331104428.0
008 2001 t19992001mau b 001 0 eng
010 |a  99021137  
020 |a 0262133601 
020 |a 9780262133609 
035 |a 3102864 
040 |a DLC  |c DLC  |d DLC  |d BD-DhAAL 
050 0 0 |a P98.5.S83  |b M36 1999 
082 0 0 |a 410.285  |2 21 
100 1 |a Manning, Christopher D.  |9 60378 
245 1 0 |a Foundations of statistical natural language processing /  |c Christopher D. Manning, Hinrich Schütze. 
260 |a Cambridge, Mass. :  |b MIT Press,  |c c1999.  |g (2001) 
300 |a xxxvii, 680 pages ;  |c 24 cm. 
504 |a Includes bibliographical references (p. 611-655) and index. 
526 8 |a CSE  |x Dr. Farig Yousuf Sadeque Associate Professor Department of Computer Science and Engineering Course Name and No. :Natural Language Processing II ''(CSE 440)'' 
541 1 |a Book Finder International  |e 45438 
650 0 |a Computational linguistics  |x Statistical methods.  |9 60379 
650 0 |a Computer Science. 
700 1 |a Schütze, Hinrich.  |9 60380 
852 1 |a Ayesha Abed Library  |c General Stacks 
942 |2 ddc  |c BK 
999 |c 47748  |d 47748 
952 |0 0  |1 0  |2 ddc  |4 0  |6 410_285000000000000_MAN  |7 0  |9 78842  |a BRACUL  |b BRACUL  |c GEN  |d 2026-03-08  |e Book Finder International   |g 11422.00  |l 0  |o 410.285 MAN  |p 3010045439  |r 2026-03-05  |t 2  |v 22844.00  |w 2026-03-05  |y BK  |x Requisitioned by Dr. Farig Yousuf Sadeque (Associate Professor, Department of Computer Science and Engineering, BRAC University) for the course named- Natural Language Processing II ''(CSE 440)'' 
952 |0 0  |1 0  |2 ddc  |4 0  |6 410_285000000000000_MAN  |7 0  |9 78843  |a BRACUL  |b BRACUL  |c NEW  |d 2026-03-08  |e Book Finder International   |g 11422.00  |l 0  |o 410.285 MAN  |p 3010045438  |r 2026-03-05  |t 1  |v 22844.00  |w 2026-03-05  |y BK  |x Requisitioned by Dr. Farig Yousuf Sadeque (Associate Professor, Department of Computer Science and Engineering, BRAC University) for the course named- Natural Language Processing II ''(CSE 440)''